LEADER 01985nam0 22004933i 450 001 VAN0193143 005 20230613020650.225 017 70$2N$a9783319477695 100 $a20210727d2017 |0itac50 ba 101 $aeng 102 $aCH 105 $a|||| ||||| 200 1 $aTheoretical Atomic Physics$fHarald Friedrich 205 $a4. ed 210 $aCham$cSpringer$d2017 215 $axvii, 642 p.$cill.$d24 cm 410 1$1001VAN0132770$12001 $aGraduate Texts in Physics$1210 $aBerlin [etc.]$cSpringer 500 1$3VAN0193144$aTheoretical Atomic Physics$91517971 606 $a81-XX$xQuantum theory [MSC 2020]$3VANC019967$2MF 606 $a00A79 (77-XX)$xPhysics [MSC 2020]$3VANC023182$2MF 606 $a81V45$xAtomic physics [MSC 2020]$3VANC023266$2MF 610 $aAtom External Field$9KW:K 610 $aAtomic physics explained$9KW:K 610 $aBose-Einstein Condensation$9KW:K 610 $aCoulomb Potential$9KW:K 610 $aElectromagnetic Transitions$9KW:K 610 $aMany-electron Systems$9KW:K 610 $aMultiphoton Absorption$9KW:K 610 $aRydberg Atoms$9KW:K 610 $aScattering Atom$9KW:K 610 $aSpin Quantum Physics$9KW:K 610 $aTextbook Atomic Physics$9KW:K 610 $aTextbook Atomic Spectra$9KW:K 620 $aCH$dCham$3VANL001889 700 1$aFriedrich$bHarald$3VANV140585$0754398 712 $aSpringer $3VANV108073$4650 801 $aIT$bSOL$c20240614$gRICA 856 4 $uhttp://doi.org/10.1007/978-3-319-47769-5$zE-book ? Accesso al full-text attraverso riconoscimento IP di Ateneo, proxy e/o Shibboleth 899 $aBIBLIOTECA DEL DIPARTIMENTO DI MATEMATICA E FISICA$1IT-CE0120$2VAN08 912 $fN 912 $aVAN0193143 950 $aBIBLIOTECA DEL DIPARTIMENTO DI MATEMATICA E FISICA$d08CONS e-book 3337 $e08eMF3337 20210727 996 $aTheoretical atomic physics$91517971 997 $aUNICAMPANIA LEADER 03902nam 2201153z- 450 001 9910576886703321 005 20220621 035 $a(CKB)5720000000008307 035 $a(oapen)https://directory.doabooks.org/handle/20.500.12854/84449 035 $a(oapen)doab84449 035 $a(EXLCZ)995720000000008307 100 $a20202206d2022 |y 0 101 0 $aeng 135 $aurmn|---annan 181 $ctxt$2rdacontent 182 $cc$2rdamedia 183 $acr$2rdacarrier 200 00$aBenefits of the Mediterranean Diet-Wine Association: Role of Components 210 $aBasel$cMDPI - Multidisciplinary Digital Publishing Institute$d2022 215 $a1 online resource (208 p.) 311 08$a3-0365-3561-6 311 08$a3-0365-3562-4 330 $aThe Mediterranean diet is a model of eating based on the traditional foods and drinks of the countries surrounding the Mediterranean Sea. The cultural and the nutritional aspects of the multisecular Mediterranean civilization include diet as a central element of health and wellbeing, including wine, if it is consumed in moderation. In recent decades, it has been promoted worldwide (UNESCO 2010) as one of the healthiest dietary patterns. The objective of this book is to bring the role of wine as part of the Mediterranean diet to light, especially through policy makers, the medical world, and vectors of images. 517 $aBenefits of the Mediterranean Diet?Wine Association 517 $aBenefits of the Mediterranean Diet—Wine Association 606 $aHumanities$2bicssc 606 $aSocial interaction$2bicssc 610 $a(+)-catechin 610 $a(+)-taxifolin 610 $a7-ketocholesterol 610 $aacetaldehyde 610 $aalcohol 610 $aAMD 610 $aapigenin 610 $aapoptosis 610 $aARPE-19 610 $abutyric acid 610 $acancer 610 $acarcinogenesis 610 $acardiovascular disease 610 $acerebellum 610 $aclinical trials 610 $aCrohn's disease 610 $adegenerative diseases 610 $adementia 610 $adiet 610 $adocosahexaenoic acid 610 $aeicosapentaenoic acid 610 $aethanol 610 $aflavonoids 610 $ainflammation 610 $ainflammatory bowel disease 610 $amalvidin 3-O-glucoside 610 $aMediterranean diet 610 $ametabolites 610 $an/a 610 $aN2a cells 610 $aneurodegeneration 610 $aneuronal death 610 $aneuroprotection 610 $anovel delivery system 610 $aocular diseases 610 $aoleic acid 610 $aolive oil 610 $aoocyte quality 610 $aoral cavity cancer 610 $aoxidative stress 610 $apeonidin 3-O-glucoside 610 $apharmacology 610 $aphytochemicals 610 $apolydatin 610 $apolyphenols 610 $apostovulatory aging 610 $aprevent fat accumulation 610 $aquercetin 610 $aquercetin 3-O-glucoside 610 $areactive oxygen species 610 $ared wine extract 610 $aresveratrol 610 $aresveratrol butyrate ester 610 $aresveratrol. 610 $aretinal cells 610 $aSteglich esterification 610 $atherapeutic targets 610 $atyrosol 610 $aulcerative colitis 610 $awine 610 $awine intake 610 $a?-linolenic acid 615 7$aHumanities 615 7$aSocial interaction 700 $aSilva$b Paula$4edt$01318444 702 $aLatruffe$b Norbert$4edt 702 $aSilva$b Paula$4oth 702 $aLatruffe$b Norbert$4oth 906 $aBOOK 912 $a9910576886703321 996 $aBenefits of the Mediterranean Diet-Wine Association: Role of Components$93645882 997 $aUNINA